Football Teams Franck Ribéry Played For - Statistics

General Stats
  • This quiz has been taken 103 times
    59 since last reset
  • The average score is 5 of 9
Answer Stats
League Years Team % Correct
Germany 2007-2019 FC Bayern München
100%
Turkey 2005 Galatasaray SK
82%
Italy 2019-2021 ACF Fiorentina
78%
France 2005-2007 Olympique de Marseille
78%
Italy 2021-2022 US Salernitana
60%
France 2004-2005 FC Metz
42%
France 2000-2002 US Boulogne
14%
France 2002-2003 Olympique Alès
8%
France 2003-2004 Stade Brestois 29
8%
No matching quizzes found
Score Distribution
Percent of People with Each Score
Percentile by Number Answered
Your Score History
You have not taken this quiz since the last reset